Zoja (Record no. 22188)
[ view plain ]
| 000 -LEADER | |
|---|---|
| fixed length control field | 00936nam a2200337 a 4500 |
| 001 - CONTROL NUMBER | |
| control field | 22188 |
| 003 - CONTROL NUMBER IDENTIFIER | |
| control field | VRT |
| 005 - DATE AND TIME OF LATEST TRANSACTION | |
| control field | 20260321122428.0 |
| 008 - FIXED-LENGTH DATA ELEMENTS--GENERAL INFORMATION | |
| fixed length control field | 981214s1997 xo 000 1 slo c |
| 020 ## - INTERNATIONAL STANDARD BOOK NUMBER | |
| International Standard Book Number | 8085218119 (viaz.) |
| 035 ## - SYSTEM CONTROL NUMBER | |
| System control number | UKB000235366 |
| 039 #9 - LEVEL OF BIBLIOGRAPHIC CONTROL AND CODING DETAIL [OBSOLETE] | |
| Level of rules in bibliographic description | 202103221624 |
| Level of effort used to assign nonsubject heading access points | maja |
| 040 ## - CATALOGING SOURCE | |
| Original cataloging agency | BAA001 |
| Language of cataloging | slo |
| Transcribing agency | BAA001 |
| Description conventions | AACR2 |
| 041 1# - LANGUAGE CODE | |
| Language code of text/sound track or separate title | slo |
| Language code of original | eng |
| 044 ## - COUNTRY OF PUBLISHING/PRODUCING ENTITY CODE | |
| MARC country code | xo |
| ISO country code | SK |
| 080 ## - UNIVERSAL DECIMAL CLASSIFICATION NUMBER | |
| Universal Decimal Classification number | 820(73)-311.4 |
| 100 1# - MAIN ENTRY--PERSONAL NAME | |
| Personal name | Steel, Danielle, |
| Dates associated with a name | 1947- |
| 245 00 - TITLE STATEMENT | |
| Title | Zoja |
| Statement of responsibility, etc. | Danielle Steel ; [z angl. orig. prel. Marta Kastlová] |
| 250 ## - EDITION STATEMENT | |
| Edition statement | 1. vyd |
| 260 ## - PUBLICATION, DISTRIBUTION, ETC. | |
| Place of publication, distribution, etc. | Bratislava |
| Name of publisher, distributor, etc. | Remedium |
| Date of publication, distribution, etc. | 1997 |
| 300 ## - PHYSICAL DESCRIPTION | |
| Extent | 312 s |
| 650 07 - SUBJECT ADDED ENTRY--TOPICAL TERM | |
| Topical term or geographic name entry element | literatúra americká |
| 650 07 - SUBJECT ADDED ENTRY--TOPICAL TERM | |
| Topical term or geographic name entry element | romány spoločenské |
| 653 ## - INDEX TERM--UNCONTROLLED | |
| Uncontrolled term | 820(73)-311.4 |
| 700 1# - ADDED ENTRY--PERSONAL NAME | |
| Personal name | Kastlová, Marta |
| Relationship | trl |
| 765 0# - ORIGINAL LANGUAGE ENTRY | |
| Title | Zoya |
| Main entry heading | Steel, Danielle, 1947- |
| 910 ## - USER-OPTION DATA (OCLC) | |
| User-option data | ukb |
| 942 ## - ADDED ENTRY ELEMENTS (KOHA) | |
| Source of classification or shelving scheme | Dewey Decimal Classification |
| Koha item type | Krásna literatúra pre dospelých |
| Suppress in OPAC | No |
| 949 ## - LOCAL PROCESSING INFORMATION (OCLC) | |
| 6 | 1800041989 |
| a | 30.D.75463 |
| b | PV.8807-98 |
| 949 ## - LOCAL PROCESSING INFORMATION (OCLC) | |
| 6 | 1800041990 |
| a | SL.D.30873 |
| b | PV.8808-98 |
| Stav vyradenia | Strata | Poškodenie | Spôsob nadobudnutia | Domovská knižnica | Aktuálna knižnica | Dátum nadobudnutia | Total checkouts | Čiarový kód exemplára | Date last seen | Typ exemplára |
|---|---|---|---|---|---|---|---|---|---|---|
| Dar | Obecná knižnica Horná Štubňa | Obecná knižnica Horná Štubňa | 21.03.2026 | 9788085218114 | 21.03.2026 | Krásna literatúra pre dospelých | ||||
| Dar | Obecná knižnica Turčianska Štiavnička | Obecná knižnica Turčianska Štiavnička | 01.04.2026 | 4738000877 | 01.04.2026 | Krásna literatúra pre dospelých |
